| 000 | 00764nam a2200205Ii 4500 | ||
|---|---|---|---|
| 003 | JO-AjNU | ||
| 008 | 230605s9999||||xx |||||||||||||| ||und|| | ||
| 040 |
_aJO-AjNU _bara _erda _cJO-AjNU |
||
| 041 | _aara | ||
| 050 | 1 | 4 | _aHQ 1236.5 1998 |
| 100 | 3 |
_aتأليف: حليمي، جيزيل ؛ تعريب: عبدالوهاب ترو, _eauthor _914046 |
|
| 245 | 0 | 0 | _aالنساء نصف العالم ، نصف الحكم |
| 250 | _aط1 | ||
| 264 | 3 | 1 | _aبيروت: عويدات للنشر والطباعة، 1998 |
| 300 |
_a239ص _bيحتوي جداول و ببلوغرافية من ص 230-239ص |
||
| 336 |
_atext _btxt _2rdacontent |
||
| 337 |
_aunmediated _bn _2rdamedia |
||
| 338 |
_avolume _bnc _2rdacarrier |
||
| 650 | 4 |
_aالمرأة -حقوق مدنية _914047 |
|
| 999 |
_aA3652 _c7220 _d7220 |
||